Šumava = Šumava = Böhmerwald /

Hlavní autor: Kunc, Vladimír, 1955-
Další autoři: Malá, Marie, 1939-
Jazyk: Němčina
Čeština
Angličtina
Vydáno: Havlíčkův Brod : Vladimír Kunc - Foto Kunc, 2016
Vydání: Vydání první
Témata:
Fyzický popis: 144 nečíslovaných stran : ilustrace (převážně barevné) ; 23 cm
Language note: Souběžný anglický a německý text
Knihy
Uloženo v:
LEADER 01707cam a2200469 i 4500
001 nkc20172878061
003 CZ PrNK
005 20170519095546.0
007 ta
008 161221s2016 xr a e 000 0 cze d
015 |a cnb002878061 
020 |a 978-80-906164-6-2  |q (vázáno) 
035 |a (OCoLC)989916761 
040 |a KLG001  |b cze  |d BOA001  |d ABA001  |e rda 
041 1 |a cze  |a eng  |a ger  |h cze 
043 |a e-xr---  |a e-gx---  |a e-au---  |b e-xr-cc  |2 czenas 
072 7 |a 908(437)  |x Vlastivěda Česka a Slovenska  |2 Konspekt  |9 8 
080 |a 908(437.31-13)  |2 MRF 
080 |a (084.12)  |2 MRF 
100 1 |a Kunc, Vladimír,  |d 1955-  |7 xx0027250  |4 pht 
245 1 0 |a Šumava =  |b Šumava = Böhmerwald /  |c Vladimír Kunc ; text Marie Malá 
246 3 1 |a Böhmerwald 
250 |a Vydání první 
264 1 |a Havlíčkův Brod :  |b Vladimír Kunc - Foto Kunc,  |c 2016 
300 |a 144 nečíslovaných stran :  |b ilustrace (převážně barevné) ;  |c 23 cm 
336 |a text  |b txt  |2 rdacontent 
336 |a statický obraz  |b sti  |2 rdacontent 
337 |a bez média  |b n  |2 rdamedia 
338 |a svazek  |b nc  |2 rdacarrier 
546 |a Souběžný anglický a německý text 
651 7 |a Šumava (pohoří)  |7 ge128617  |x vlastivěda  |2 czenas 
651 9 |a Šumava Mountains  |x description and travel  |2 eczenas 
655 7 |a fotografické publikace  |7 fd132276  |2 czenas 
655 9 |a photographical works  |2 eczenas 
700 1 |a Malá, Marie,  |d 1939-  |7 mzk2009512895  |4 aut 
910 2 |a BOA001  |b 2-1388.051 
920 |a 1109961  |z KLG001 
928 9 |a Foto Kunc 
990 |a BK 
995 |a 01 
991 |b 201705  |c NOV 
996 6 |b 2610705789  |c 2-1388.051  |l MZK  |r Sklad / do 1 hodiny  |n 0  |p p.v.  |w 001609473  |u 000010  |a 1  |e BOA001  |j MZK50  |s P